[Event "ROM-ch U16 Girls"]
[Site "Eforie Nord"]
[Date "2022.04.11"]
[Round "1"]
[White "Hoanca, Alexia Ioana"]
[Black "Roncea, Andrea Alexandra"]
[Result "1-0"]
[WhiteElo "1857"]
[BlackElo "1469"]
[PlyCount "119"]
[EventDate "2022.04.11"]
[EventType "swiss"]
[EventRounds "9"]
[EventCountry "ROU"]
[SourceTitle "EXT 2023"]
[Source "ChessBase"]
[SourceDate "2022.10.05"]
[SourceVersion "1"]
[SourceVersionDate "2022.10.05"]
[SourceQuality "1"]

1. e4 e5 2. Nf3 Nc6 3. Bb5 a6 4. Bxc6 dxc6 5. 0-0 Bd6 6. d4 f6 7. c3 Be6 8. dxe5 Bxe5 9. Nxe5 Qxd1 10. Rxd1 fxe5 11. Nd2 0-0-0 12. Re1 Nf6 13. h3 h6 14. Nf3 Nd7 15. Be3 Rhf8 16. Kh2 Bg8 17. a4 Rde8 18. b4 Nb6 19. Bxb6 cxb6 20. Kg1 Rf7 21. a5 b5 22. Rad1 Rd7 23. Rxd7 Kxd7 24. Rd1+ Kc7 25. Kh2 Bf7 26. Nh4 Be6 27. Rd3 Rf8 28. Kg3 Rf6 29. Nf3 Bc4 30. Re3 Kd6 31. Nh4 g6 32. Re1 Kc7 33. Nf3 Re6 34. Kh2 Kd8 35. g4 Ke7 36. Kg3 Kf7 37. Rd1 Ke7 38. Rd2 Rd6 39. Rxd6 Kxd6 40. Nh4 Bf7 41. g5 h5 42. Ng2 Be6 43. Nh4 Bf7 44. f4 exf4+ 45. Kxf4 Ke6 46. Nf3 Kd6 47. Ne5 Be8 48. Nd3 Bd7 49. h4 Ke7 50. Ke5 Be6 51. Nc5 Bc8 52. Nd3 Be6 53. Nf4 Bf7 54. Kd4 Kd7 55. Kc5 Kc7 56. e5 Kd7 57. Kb6 Kc8 58. e6 Be8 59. Nd3 Kb8 60. Nc5 1-0

[Event "GER-chT U14 Girls"]
[Site "Willingen"]
[Date "2021.06.26"]
[Round "6.6"]
[White "Roncea, Andrea Alexandra"]
[Black "Moldovan, Tatiana"]
[Result "1/2-1/2"]
[WhiteElo "1619"]
[BlackElo "1430"]
[PlyCount "68"]
[EventDate "2021.06.23"]
[EventType "team-swiss"]
[EventRounds "7"]
[EventCountry "GER"]
[SourceTitle "EXT 2022"]
[Source "ChessBase"]
[SourceDate "2021.10.06"]
[SourceVersion "1"]
[SourceVersionDate "2021.10.06"]
[SourceQuality "1"]
[WhiteTeam "Papenburg"]
[BlackTeam "Hohentuebingen"]
[WhiteTeamCountry "GER"]
[BlackTeamCountry "GER"]

1. e4 c5 2. Nf3 a6 3. c4 b6 4. Nc3 Bb7 5. d4 cxd4 6. Nxd4 e6 7. Be3 Ne7 8. Bd3 d5 9. 0-0 e5 10. exd5 exd4 11. Bxd4 b5 12. b3 f6 13. Re1 Kf7 14. Qh5+ g6 15. Qf3 Bg7 16. Ne4 Nf5 17. Bc3 Rf8 18. g4 Nh6 19. Ng5+ Kg8 20. Ne6 Qc8 21. Nxf8 Qxf8 22. Re2 Nd7 23. Rae1 Ne5 24. Bxe5 fxe5 25. Qxf8+ Rxf8 26. h3 Nf7 27. h4 Nh6 28. g5 Nf5 29. Bxf5 Rxf5 30. Kh2 Rf4 31. Kg3 Bc8 32. Re4 Rf8 33. f4 Bf5 34. R4e3 e4 1/2-1/2

[Event "GER-chT Christmas U20 Girls"]
[Site "Playchess.com INT"]
[Date "2020.12.29"]
[Round "4.1"]
[White "Alferova, Emily"]
[Black "Roncea, Andrea Alexandra"]
[Result "1-0"]
[WhiteElo "1365"]
[BlackElo "1619"]
[PlyCount "77"]
[EventDate "2020.12.29"]
[EventType "team-swiss (blitz)"]
[EventRounds "7"]
[EventCountry "GER"]
[SourceTitle "CBM 200 Extra"]
[Source "ChessBase"]
[SourceDate "2021.03.31"]
[SourceVersion "1"]
[SourceVersionDate "2021.03.31"]
[SourceQuality "1"]
[WhiteTeam "Garching"]
[BlackTeam "Papenburg"]
[WhiteTeamCountry "GER"]
[BlackTeamCountry "GER"]

1. e4 e5 2. Nf3 Nc6 3. Bb5 a6 4. Ba4 b5 5. Bb3 Bb7 6. d4 d6 7. c3 Be7 8. 0-0 Nf6 9. Nbd2 0-0 10. Bc2 Re8 11. Re1 Bf8 12. a3 Nb8 13. b3 Nbd7 14. Bb2 Nb6 15. h3 g6 16. dxe5 dxe5 17. Qe2 c5 18. c4 Qc7 19. cxb5 axb5 20. Qxb5 Ba6 21. Qa5 Bd3 22. Qc3 Bxc2 23. Qxc2 Red8 24. Bxe5 Qc6 25. Bb2 Bh6 26. a4 Bxd2 27. Nxd2 Nbd7 28. b4 Qb6 29. b5 Ne8 30. Nc4 Qe6 31. a5 Ndf6 32. b6 Nd6 33. Nxd6 Rxd6 34. e5 Re8 35. exd6 Qxe1+ 36. Rxe1 Rxe1+ 37. Kh2 Nd7 38. Qc3 f6 39. Qxe1 1-0

[Event "GER-ch U14 Girls"]
[Site "Willingen"]
[Date "2020.10.21"]
[Round "3"]
[White "Deak Sala, Emilia"]
[Black "Roncea, Andrea Alexandra"]
[Result "1-0"]
[WhiteElo "1641"]
[BlackElo "1644"]
[PlyCount "71"]
[EventDate "2020.10.19"]
[EventType "swiss"]
[EventRounds "7"]
[EventCountry "GER"]
[SourceTitle "EXT 2022"]
[Source "ChessBase"]
[SourceDate "2021.10.06"]
[SourceVersion "1"]
[SourceVersionDate "2021.10.06"]
[SourceQuality "1"]

1. e4 e5 2. Nf3 Nc6 3. Bc4 Bc5 4. b4 Bb6 5. a4 a6 6. c3 Nf6 7. Qe2 0-0 8. 0-0 h6 9. Na3 d6 10. h3 Re8 11. d3 Ne7 12. Qa2 Rf8 13. Nh4 g5 14. Nf3 Ng6 15. Kh1 Qd7 16. a5 Ba7 17. Qe2 Kh7 18. Nc2 g4 19. Qd2 Nf4 20. Nh2 Ng8 21. Nxg4 h5 22. Nh2 Qe7 23. Qd1 Kg6 24. Qf3 Qf6 25. Be3 Nh6 26. g3 Nxh3 27. Qxf6+ Kxf6 28. Bxh6 Nxf2+ 29. Rxf2+ Bxf2 30. Bxf8 Bg4 31. Nxg4+ hxg4 32. Rf1 Rxf8 33. Rxf2+ Kg6 34. Ne3 Rh8+ 35. Kg2 b5 36. axb6 1-0

[Event "GER-ch U14 Girls"]
[Site "Willingen"]
[Date "2020.10.20"]
[Round "1"]
[White "Woerz, Ann Sophie"]
[Black "Roncea, Andrea Alexandra"]
[Result "1-0"]
[WhiteElo "1473"]
[BlackElo "1644"]
[PlyCount "73"]
[EventDate "2020.10.19"]
[EventType "swiss"]
[EventRounds "7"]
[EventCountry "GER"]
[SourceTitle "EXT 2022"]
[Source "ChessBase"]
[SourceDate "2021.10.06"]
[SourceVersion "1"]
[SourceVersionDate "2021.10.06"]
[SourceQuality "1"]

1. c4 e6 2. g3 d5 3. Bg2 Nf6 4. Nf3 Be7 5. 0-0 0-0 6. b3 b6 7. Bb2 Bb7 8. d4 Na6 9. Nc3 c5 10. cxd5 exd5 11. Rc1 Ne4 12. Nxe4 dxe4 13. Nd2 f5 14. Nc4 Bf6 15. Ne5 Re8 16. f4 exf3 17. Bxf3 Bxf3 18. exf3 Qd5 19. f4 Rad8 20. dxc5 Nxc5 21. Qc2 Qe4 22. Ba1 Qe3+ 23. Kh1 Bxe5 24. Qc4+ Ne6 25. Rce1 Qd2 26. Rxe5 Rd6 27. Rfe1 Kf7 28. Rxf5+ Kg6 29. Rfe5 Nxf4 30. Qe4+ Kh6 31. Rxe8 Nh5 32. Re6+ Rxe6 33. Qxe6+ g6 34. Qe3+ Qxe3 35. Rxe3 a5 36. Re6 b5 37. Ra6 1-0

[Event "GER-chT U14 Girls"]
[Site "Neumuenster"]
[Date "2019.12.27"]
[Round "2.3"]
[White "Roncea, Andrea Alexandra"]
[Black "Glowiak, Alexandra"]
[Result "1/2-1/2"]
[WhiteElo "1591"]
[BlackElo "1403"]
[PlyCount "121"]
[EventDate "2019.12.27"]
[EventType "team-swiss"]
[EventRounds "7"]
[EventCountry "GER"]
[SourceTitle "CBM 194 Extra"]
[Source "ChessBase"]
[SourceDate "2020.03.31"]
[SourceVersion "1"]
[SourceVersionDate "2020.03.31"]
[SourceQuality "1"]
[WhiteTeam "Papenburg"]
[BlackTeam "Priestewitz"]
[WhiteTeamCountry "GER"]
[BlackTeamCountry "GER"]

1. e4 e5 2. Nf3 Nc6 3. Bc4 Bc5 4. d3 d6 5. c3 Nf6 6. Bb3 Bg4 7. 0-0 0-0 8. Nbd2 d5 9. exd5 Nxd5 10. Ne4 Bb6 11. h3 Bxf3 12. Qxf3 Nce7 13. a3 c6 14. c4 Nc7 15. c5 Ba5 16. Nd6 Ncd5 17. Nxb7 Qc7 18. Nd6 Qd7 19. Qg3 Ng6 20. Qf3 Nge7 21. Nc4 Bc7 22. Re1 Ng6 23. Be3 Rad8 24. Rad1 Rfe8 25. Bc2 Re6 26. d4 Rf6 27. Qg4 Qxg4 28. hxg4 Nxe3 29. fxe3 exd4 30. Rxd4 Rxd4 31. exd4 Kf8 32. Bf5 Ne7 33. Bc2 Rf4 34. Re4 Rxe4 35. Bxe4 h6 36. Kf2 f6 37. Ne3 g6 38. b4 a6 39. Bd3 a5 40. b5 cxb5 41. Bxb5 Nc8 42. d5 Be5 43. d6 Nxd6 44. cxd6 Bxd6 45. a4 Ke7 46. Nc4 Bc7 47. Ke3 Ke6 48. Be8 f5 49. Bxg6 fxg4 50. Ke4 Kf6 51. Bf5 h5 52. Ne3 Kg5 53. Nf1 Bb8 54. Be6 Bc7 55. Bd7 Bd8 56. Ng3 Bc7 57. Nf1 Bd8 58. Bf5 Bc7 59. Bd7 Bd8 60. Bf5 Bc7 61. Bc8 1/2-1/2

[Event "GER-chT Lands U20"]
[Site "Wuerzburg"]
[Date "2019.10.02"]
[Round "1.8"]
[White "Vianden, Ella"]
[Black "Roncea, Andrea Alexandra"]
[Result "0-1"]
[WhiteElo "1306"]
[BlackElo "1590"]
[PlyCount "60"]
[EventDate "2019.10.01"]
[EventType "team-swiss"]
[EventRounds "7"]
[EventCountry "GER"]
[SourceTitle "EXT 2020"]
[Source "ChessBase"]
[SourceDate "2019.10.17"]
[SourceVersion "1"]
[SourceVersionDate "2019.10.17"]
[SourceQuality "1"]
[WhiteTeam "Bremen/Niedersachsen"]
[BlackTeam "Niedersachsen"]
[WhiteTeamCountry "GER"]
[BlackTeamCountry "GER"]

1. e4 e5 2. Nf3 Nc6 3. Bb5 a6 4. Ba4 b5 5. Bb3 Bb7 6. c3 Be7 7. 0-0 Nf6 8. Re1 0-0 9. d4 d6 10. Nbd2 h6 11. Nf1 Re8 12. Ng3 Bf8 13. Bc2 g6 14. Bd2 Bg7 15. Qc1 Kh7 16. h3 Nb8 17. Nh2 Nbd7 18. Ng4 Nxg4 19. hxg4 exd4 20. cxd4 Bxd4 21. Bxh6 Qf6 22. Be3 Bxb2 23. e5 Nxe5 24. Qxb2 Nf3+ 25. gxf3 Qxb2 26. Bd3 Bxf3 27. Be2 Bxe2 28. Nxe2 Re4 29. g5 d5 30. Kf1 Qe5 0-1

[Event "GER-ch U12 Girls"]
[Site "Willingen"]
[Date "2019.06.14"]
[Round "8"]
[White "Braeutigam, Katerina"]
[Black "Roncea, Andrea Alexandra"]
[Result "0-1"]
[WhiteElo "1697"]
[BlackElo "1558"]
[PlyCount "154"]
[EventDate "2019.06.08"]
[EventType "swiss"]
[EventRounds "9"]
[EventCountry "GER"]
[SourceTitle "CBM 191 Extra"]
[Source "ChessBase"]
[SourceDate "2019.09.30"]
[SourceVersion "1"]
[SourceVersionDate "2019.09.30"]
[SourceQuality "1"]

1. e4 e5 2. Nf3 Nc6 3. Bb5 a6 4. Ba4 b5 5. Bb3 Bb7 6. 0-0 Be7 7. Re1 Nf6 8. c3 0-0 9. d4 d6 10. Nbd2 h6 11. Nf1 Re8 12. Ng3 Bf8 13. Bd2 Na5 14. Bc2 Nc4 15. b3 Nb6 16. Rc1 c5 17. h3 a5 18. Bd3 b4 19. Bb5 Nbd7 20. dxe5 dxe5 21. Qe2 Qb6 22. Red1 Ba6 23. Bd3 Bxd3 24. Qxd3 a4 25. cxb4 cxb4 26. Rc4 axb3 27. axb3 Ra3 28. Rdc1 Nc5 29. Qc2 Nxb3 30. Be3 Qb5 31. Rb1 Na5 32. Rc7 b3 33. Qd1 Nc4 34. Bc1 b2 35. Bxb2 Nxb2 36. Qc1 Rb3 37. Nd2 Rb4 38. Rc2 Nd3 39. Qf1 Rxb1 40. Nxb1 Rb8 41. Nc3 Qa6 42. Qd1 Nf4 43. Rd2 Qc4 44. Rc2 Qd3 45. Qxd3 Nxd3 46. Rd2 Nf4 47. Kh2 Rb3 48. Nd1 Rd3 49. Rxd3 Nxd3 50. Kg1 Bc5 51. Kf1 Bd4 52. Ke2 Nb2 53. Ne3 Bxe3 54. Kxe3 Nc4+ 55. Ke2 Nd6 56. Ke3 Kf8 57. Kd3 Ke7 58. Ke3 Kd7 59. Kd3 Kc6 60. Ke3 Kc5 61. Kd3 g6 62. Ke3 Kc4 63. f3 Kc3 64. Ne2+ Kc2 65. Ng3 Nc4+ 66. Ke2 Kc3 67. Kf2 Kd3 68. Ke1 Nh5 69. Nh1 Nf4 70. Kf2 Ne3 71. Ng3 Nfxg2 72. Ne2 Nd1+ 73. Kf1 Nf4 74. Ng1 Ke3 75. h4 Nf2 76. Ke1 Ng2+ 77. Kf1 Nxh4 0-1

[Event "GER-ch U12 Girls"]
[Site "Willingen"]
[Date "2019.06.13"]
[Round "7"]
[White "Roncea, Andrea Alexandra"]
[Black "Von Beckh, Frieda"]
[Result "1-0"]
[WhiteElo "1558"]
[BlackElo "1465"]
[PlyCount "53"]
[EventDate "2019.06.08"]
[EventType "swiss"]
[EventRounds "9"]
[EventCountry "GER"]
[SourceTitle "CBM 191 Extra"]
[Source "ChessBase"]
[SourceDate "2019.09.30"]
[SourceVersion "1"]
[SourceVersionDate "2019.09.30"]
[SourceQuality "1"]

1. e4 c5 2. Nf3 Nc6 3. Bb5 g6 4. 0-0 Bg7 5. Re1 Nf6 6. e5 Nd5 7. Nc3 Nxc3 8. dxc3 0-0 9. Bg5 Re8 10. Qd2 Qb6 11. Bxc6 dxc6 12. b3 Bf5 13. Nh4 Rad8 14. Qe2 Bd7 15. Qe3 f6 16. Bh6 Bh8 17. e6 Bc8 18. Qg3 g5 19. Nf5 c4 20. Bxg5 fxg5 21. Qxg5+ Kf8 22. Qh6+ Kg8 23. Re4 Bxe6 24. Qxe6+ Kf8 25. Nh6 Kg7 26. Rg4+ Kf8 27. Qf7# 1-0

[Event "GER-ch U12 Girls"]
[Site "Willingen"]
[Date "2019.06.12"]
[Round "6"]
[White "Fischer, Darja"]
[Black "Roncea, Andrea Alexandra"]
[Result "1-0"]
[WhiteElo "1480"]
[BlackElo "1558"]
[PlyCount "69"]
[EventDate "2019.06.08"]
[EventType "swiss"]
[EventRounds "9"]
[EventCountry "GER"]
[SourceTitle "CBM 191 Extra"]
[Source "ChessBase"]
[SourceDate "2019.09.30"]
[SourceVersion "1"]
[SourceVersionDate "2019.09.30"]
[SourceQuality "1"]

1. d4 d5 2. c4 e6 3. Nc3 Nf6 4. Bg5 Be7 5. cxd5 exd5 6. e3 c6 7. Bd3 0-0 8. Qc2 h6 9. Bh4 Nbd7 10. h3 Nb6 11. 0-0-0 Nc4 12. g4 Nd7 13. Bxe7 Qxe7 14. h4 b5 15. g5 h5 16. Nh3 a5 17. Ne2 Bb7 18. Bh7+ Kh8 19. Nhf4 Nd6 20. Ng3 Rac8 21. Kb1 Qe8 22. Ngxh5 Ne4 23. Bxe4 dxe4 24. Ng3 c5 25. Qe2 c4 26. h5 b4 27. g6 Nf6 28. Rdg1 c3 29. Nf5 c2+ 30. Kc1 Qd7 31. Nxg7 Kg8 32. h6 b3 33. a3 Nd5 34. Ngh5 Qd8 35. h7+ 1-0

[Event "Youth District Germany"]
[Site "Wuerzburg"]
[Date "2018.10.05"]
[Round "5.8"]
[White "Braeutigam, Katerina"]
[Black "Roncea, Andrea Alexandra"]
[Result "1/2-1/2"]
[WhiteElo "1696"]
[BlackElo "1515"]
[PlyCount "138"]
[EventDate "2018.10.02"]
[EventType "team-swiss"]
[EventRounds "7"]
[EventCountry "GER"]
[SourceTitle "CBM 186 Extra"]
[Source "ChessBase"]
[SourceDate "2018.08.24"]
[SourceVersion "1"]
[SourceVersionDate "2018.08.24"]
[SourceQuality "1"]
[WhiteTeam "Schleswig Holstein U20"]
[BlackTeam "Niedersachsen U20"]
[WhiteTeamCountry "GER"]
[BlackTeamCountry "GER"]

1. c4 e6 2. Nc3 d5 3. cxd5 exd5 4. d4 Nf6 5. g3 Be7 6. Bg2 0-0 7. e3 c6 8. Nf3 Nbd7 9. 0-0 Re8 10. b3 Nf8 11. Bb2 Bf5 12. Rc1 h6 13. Na4 Ne6 14. Nc5 Nxc5 15. dxc5 Ne4 16. b4 Rc8 17. Nd4 Bh7 18. Bh3 Ra8 19. Nf5 Bf6 20. Nd4 Ng5 21. Bg2 Qe7 22. Re1 Be4 23. Ba1 Bxg2 24. Kxg2 Qe4+ 25. Nf3 Nxf3 26. Qxf3 Bxa1 27. Rxa1 Qxb4 28. Rec1 Qe4 29. Qxe4 Rxe4 30. Rab1 Rb8 31. Rc2 a5 32. Rb6 Kh7 33. a3 f6 34. Rc3 Ra4 35. f3 d4 36. exd4 Rxd4 37. h4 Kg6 38. Kf2 Rd5 39. Rc4 Kf7 40. Rb3 Ke6 41. Re4+ Re5 42. Ke3 Kd5 43. Rxe5+ fxe5 44. Rc3 g5 45. hxg5 hxg5 46. Kd3 Rh8 47. Kc2 Rh3 48. g4 Kd4 49. Kb3 a4+ 50. Kb4 Rh2 51. Rc4+ Ke3 52. Re4+ Kxf3 53. Rxe5 Kxg4 54. Kxa4 Rb2 55. Ka5 Kf4 56. Re7 Rb5+ 57. Ka4 Rxc5 58. Rxb7 Rc4+ 59. Kb3 Re4 60. a4 g4 61. a5 g3 62. a6 g2 63. Rg7 Kf3 64. a7 Re8 65. Rf7+ Ke3 66. Rg7 Kf2 67. Rf7+ Ke2 68. Rg7 Kf2 69. Rf7+ Ke3 1/2-1/2

[Event "GER-ch U12 Girls"]
[Site "Willingen"]
[Date "2018.05.23"]
[Round "7"]
[White "Sinner, Joselyne"]
[Black "Roncea, Andrea Alexandra"]
[Result "0-1"]
[WhiteElo "1410"]
[BlackElo "1598"]
[PlyCount "120"]
[EventDate "2018.05.19"]
[EventType "swiss"]
[EventRounds "11"]
[EventCountry "GER"]
[SourceTitle "CBM 184 Extra"]
[Source "ChessBase"]
[SourceDate "2018.06.28"]
[SourceVersion "1"]
[SourceVersionDate "2018.06.28"]
[SourceQuality "1"]

1. e4 e5 2. Nf3 Nc6 3. Nc3 Nf6 4. Bb5 Bb4 5. d3 Nd4 6. Bc4 d5 7. Bb3 Nxb3 8. cxb3 dxe4 9. Nxe5 Qd4 10. Nc4 Bxc3+ 11. bxc3 Qxc3+ 12. Bd2 Qxd3 13. Rc1 Bg4 14. Ne5 Bxd1 15. Nxd3 exd3 16. Rxd1 0-0-0 17. 0-0 Ne4 18. f3 Nxd2 19. Rxd2 Rhe8 20. Kf2 Rd6 21. Rfd1 Re2+ 22. Rxe2 dxe2 23. Kxe2 Rxd1 24. Kxd1 Kd7 25. Ke2 Kd6 26. Ke3 Kd5 27. Kd3 b5 28. h4 c5 29. Kc3 h5 30. a3 f5 31. g3 Ke5 32. Kd3 f4 33. gxf4+ Kxf4 34. a4 a6 35. Ke2 Kg3 36. Ke3 Kxh4 37. Kf2 bxa4 38. bxa4 c4 39. Ke3 c3 40. Kd3 c2 41. Kxc2 Kg3 42. Kb3 h4 43. Kb4 h3 44. Ka5 h2 45. Kxa6 h1Q 46. a5 Qxf3 47. Ka7 g5 48. a6 g4 49. Kb8 Kh2 50. a7 g3 51. a8Q Qxa8+ 52. Kxa8 g2 53. Kb8 g1Q 54. Kb7 Qc5 55. Ka6 Qb4 56. Ka7 Kg3 57. Ka6 Kf4 58. Ka7 Ke5 59. Ka8 Kd6 60. Ka7 Kc7 0-1